[Event "FRA-ch U18 Girls"]
[Site "Hyeres"]
[Date "2019.04.18"]
[Round "6"]
[White "Spano, Aline"]
[Black "Conti, Anne Marie"]
[Result "0-1"]
[WhiteElo "1419"]
[BlackElo "1809"]
[PlyCount "62"]
[EventDate "2019.04.14"]
[EventType "swiss"]
[EventRounds "9"]
[EventCountry "FRA"]
[SourceTitle "CBM 190 Extra"]
[Source "ChessBase"]
[SourceDate "2019.07.15"]
[SourceVersion "1"]
[SourceVersionDate "2019.07.15"]
[SourceQuality "1"]

1. e4 d5 2. exd5 Qxd5 3. Nc3 Qd6 4. d4 Nf6 5. Bc4 g6 6. Nge2 Bg7 7. Bf4 Qd8 8. Nb5 Na6 9. Qd2 c6 10. Nbc3 Nc7 11. Bh6 0-0 12. Bxg7 Kxg7 13. 0-0 b5 14. Bd3 Ne6 15. Be4 Nxe4 16. Nxe4 f5 17. N4g3 f4 18. Qc3 Qd5 19. Nh1 f3 20. gxf3 Rxf3 21. Qd2 c5 22. Rad1 Bb7 23. Neg3 Rxg3+ 24. fxg3 Qxh1+ 25. Kf2 Rf8+ 26. Ke2 Qg2+ 27. Kd3 Rf3+ 28. Rxf3 Qxf3+ 29. Qe3 Qxd1+ 30. Qd2 c4+ 31. Ke3 Qf3# 0-1

[Event "FRA-ch U18 Girls"]
[Site "Hyeres"]
[Date "2019.04.15"]
[Round "3"]
[White "Rollot, Florence"]
[Black "Spano, Aline"]
[Result "0-1"]
[WhiteElo "1975"]
[BlackElo "1419"]
[PlyCount "108"]
[EventDate "2019.04.14"]
[EventType "swiss"]
[EventRounds "9"]
[EventCountry "FRA"]
[SourceTitle "CBM 190 Extra"]
[Source "ChessBase"]
[SourceDate "2019.07.15"]
[SourceVersion "1"]
[SourceVersionDate "2019.07.15"]
[SourceQuality "1"]

1. Nf3 g6 2. c4 Bg7 3. Nc3 e5 4. g3 Nc6 5. Bg2 d6 6. 0-0 Nf6 7. d3 0-0 8. Rb1 a5 9. a3 Re8 10. Ne1 Nd4 11. b4 axb4 12. Rxb4 c6 13. e3 Ne6 14. Rb1 h5 15. Nc2 h4 16. e4 Nh5 17. Bf3 hxg3 18. fxg3 Nf6 19. Kh1 Kh7 20. Qe2 Rh8 21. Be3 Kg8 22. Qf2 Nc5 23. Rbd1 Qe7 24. Bg5 Ncd7 25. Be2 Qe6 26. Rb1 Nh5 27. g4 Nhf6 28. Rg1 Nc5 29. Bxf6 Bxf6 30. g5 Bg7 31. Rbf1 Rh3 32. Bg4 Nxd3 33. Qd2 Qxc4 34. Bxh3 Bxh3 35. Rf3 Nf4 36. Ne3 Qc5 37. Ne2 Rxa3 38. Ng3 Bf8 39. Ne2 Be7 40. Rfg3 Be6 41. Rc1 Qb6 42. Nc3 Qb4 43. Ned1 Nh5 44. Rg1 Nf4 45. Rb1 Rb3 46. Rxb3 Bxb3 47. Qe3 d5 48. Ne2 Bc5 49. Qf3 Bxg1 50. Nxf4 exf4 51. Kxg1 Qe1+ 52. Kg2 Bxd1 53. Qxf4 Qxe4+ 54. Qxe4 dxe4 0-1

[Event "FRA-ch U16 Girls"]
[Site "Belfort"]
[Date "2017.04.16"]
[Round "1.2"]
[White "Spano, Aline"]
[Black "Rollot, Florence"]
[Result "0-1"]
[WhiteElo "1448"]
[BlackElo "1973"]
[PlyCount "100"]
[EventDate "2017.04.16"]
[EventType "swiss"]
[EventRounds "9"]
[EventCountry "FRA"]
[SourceTitle "EXT 2019"]
[Source "ChessBase"]
[SourceDate "2018.10.10"]
[SourceVersion "1"]
[SourceVersionDate "2018.10.10"]
[SourceQuality "1"]

1. e4 d5 2. exd5 Qxd5 3. Nc3 Qa5 4. d4 Nf6 5. Bd2 Bg4 6. Ne4 Qh5 7. Nxf6+ gxf6 8. Be2 Rg8 9. Nf3 Nc6 10. Bc3 0-0-0 11. h3 e5 12. Rg1 Bxf3 13. Bxf3 Qxh3 14. d5 Nd4 15. Bxd4 exd4 16. gxh3 Rxg1+ 17. Ke2 Re8+ 18. Kd3 Rxd1+ 19. Rxd1 Bc5 20. Rg1 Bf8 21. Kxd4 Bh6 22. Bh5 Kd7 23. Bxf7 Re2 24. Be6+ Ke7 25. Bf5 Rxf2 26. Re1+ Kf7 27. Bxh7 Rf3 28. h4 f5 29. Kc4 Bg7 30. c3 Rf2 31. Kb3 f4 32. h5 Bf6 33. Bg6+ Kg7 34. Rg1 Kh6 35. Bf7 Bg5 36. Re1 Kg7 37. Be6 f3 38. Bh3 Re2 39. Rf1 f2 40. c4 Re3+ 41. Kc2 Rxh3 42. Rxf2 Rxh5 43. Re2 Rh4 44. b3 Rh1 45. Re8 Rh2+ 46. Kb1 Bf6 47. Rc8 Be5 48. Rb8 b6 49. Rb7 Rb2+ 50. Ka1 Rxb3# 0-1